Statistics for 德国两次世界大战失去的领土

Click here to take the quiz!

General Stats

  • This quiz has been taken 40 times
  • The average score is 6 of 14

Answer Stats

割让予年份地区% Correct
法国1919阿尔萨斯-洛林
97%
国联(波兰主权)1920但泽|格但斯克
74%
丹麦1920北石勒苏益格
68%
苏联(北部)1945东普鲁士|柯尼斯堡
68%
立陶宛1923梅梅尔|克莱佩达
56%
波兰1919波兰走廊|西普鲁士|波森
47%
波兰(沿海)1945波美拉尼亚
47%
波兰(奥得河上游)1945西里西亚
41%
国联托管十五年1920萨尔区
35%
波兰(南部)1945东普鲁士|奥尔什丁
21%
比利时1920奥伊彭-马尔默迪
18%
波兰1921上西里西亚|卡托维兹
18%
波兰(奥得河中游)1945东勃兰登堡
12%
捷克斯洛伐克1920赫卢钦地区
0%

Score Distribution

Percentile by Number Answered

Percent of People with Each Score

Your Score History

You have not taken this quiz